Monterrey International Airport (Monterrey, Mexico) - Statistics

General Stats
  • This quiz has been taken 57 times
    35 since last reset
  • The average score is 42 of 65
Answer Stats
Airline Destination % Correct
Aeroméxico/Viva/Volaris Mexico City
100%
Viva/Volaris Toluca/Mexico City
100%
Viva/Volaris Guadalajara
96%
United Airlines/United Express/Viva/Volaris Houston (Intercontinental)
96%
Alaska Airlines/Viva/Volaris Los Angeles
96%
Magnicharters/Viva/Volaris Cancun
91%
Aeroméxico New York (JFK)
91%
American Airlines/American Eagle/Viva/Volaris Dallas/Fort Worth
87%
Aeroméxico/American Eagle/Viva/Volaris Miami
87%
Aeroméxico/Magnicharters/Viva Orlando
83%
Copa Airlines Panama City (Tocumen)
83%
American Eagle Phoenix (Sky Harbor)
83%
Viva/Volaris Tijuana
83%
Viva Acapulco
78%
Aeroméxico Connect/Delta Air Lines Atlanta
78%
Viva Austin
78%
Aeroméxico/Magnicharters/Viva Las Vegas
78%
Viva/Volaris Leon/El Bajio
78%
Aeroméxico Madrid
78%
United Express/Viva/Volaris Chicago (O'Hare)
74%
Aeroméxico Connect Detroit
74%
Viva/Volaris Hermosillo
74%
Viva/Volaris San Antonio
74%
United Express San Francisco
74%
Viva Bogota
70%
Aeroméxico/Viva/Volaris Denver
70%
Magnicharters/Viva Mazatlan
70%
Viva Puebla
70%
TAR Aerolíneas/Viva/Volaris Puerto Vallarta
70%
Air Canada Toronto (Pearson)
70%
Viva Chihuahua
65%
Viva/Volaris Ciudad Juarez
65%
Viva/Volaris Merida
65%
Viva/Volaris Oaxaca
65%
Aeroméxico Connect/TAR Aerolíneas/Viva/Volaris Queretaro
65%
Magnicharters/Viva/Volaris San Jose del Cabo
65%
TAR Aerolíneas Aguascalientes
61%
Viva Cozumel
61%
Viva/Volaris Mexicali
61%
Viva Tampico
61%
Viva/Volaris Culiacan
57%
Viva/Volaris La Paz
57%
Viva/Volaris Morelia
57%
Viva Veracruz
57%
TAR Aerolíneas/Viva Durango
52%
Viva Havana
52%
Viva Huatulco
52%
Aerus/TAR Aerolíneas San Luis Potosi
52%
Viva Tulum
52%
Viva/Volaris Los Mochis
48%
Aeroméxico Seoul (Incheon)
48%
Aeroméxico Tokyo (Narita)
48%
Viva Villahermosa
48%
Magnicharters Ixtapa/Zihuatanejo
43%
Magnicharters Punta Cana
43%
Viva/Volaris Tuxtla Gutierrez
43%
Viva/Volaris Ciudad Obregon
39%
Aerus Matamoros
39%
Aeroméxico Connect/Viva Mexico City (AIFA)
39%
Viva/Volaris Oakland
39%
Viva Puerto Escondido
39%
Aerus Laredo
35%
Aerus Brownsville/South Padre Island
30%
Aerus Piedras Negras
22%
Volaris Tapachula
22%
No matching quizzes found
Score Distribution
Percent of People with Each Score
Percentile by Number Answered
Your Score History
You have not taken this quiz since the last reset